[Event "Open A"]
[Site "Graz SUI"]
[Date "2008.09.07"]
[Round "9"]
[White "Hess,C1"]
[Black "Pilaj,H"]
[Result "0-1"]
[WhiteElo "2235"]
[BlackElo "2389"]

1.Nf3 Nf6 2.c4 c5 3.Nc3 e6 4.g3 b6 5.Bg2 Bb7 6.O-O Be7 7.b3 O-O 8.Bb2 a6
9.e3 d6 10.d4 Nbd7 11.d5 exd5 12.Nh4 g6 13.Nxd5 Nxd5 14.Bxd5 Bxd5 15.Qxd5 b5
16.Rad1 Rb8 17.Ba1 Rb6 18.Ng2 Bf6 19.Bxf6 Nxf6 20.Qd3 Re8 21.Nf4 Re5 22.Qc3 Qe7
23.h4 h5 24.Nd5 Nxd5 25.Rxd5 Rxd5 26.cxd5 Rb8 27.Rd1 Re8 28.Qa5 Qb7 29.Qc3 Re5
30.Qd3 f5 31.Qd2 Kf7 32.e4 Rxe4 33.Qh6 Qc8 34.Rd3 Qf8 35.Qg5 Qe7 36.Qh6 Qf8
37.Qg5 Qe7 38.Qh6 Qe5 39.Rf3 Qg7 40.Qc1 Kg8 41.Qg5 Re8 42.Kh2 Re7 43.Kg2 Kh7
44.Kh2 Qf7 45.Rd3 Re2 46.Qf4 Qe7 47.Re3 Rxe3 48.fxe3 Kg7 49.Kg1 Qe5 50.Qg5 Kf7  0-1

[Event "DMP Ekstraliga"]
[Site "Karpacz POL"]
[Date "2008.09.08"]
[Round "3"]
[White "Jedynak,R"]
[Black "Lubczynski,R"]
[Result "1/2-1/2"]
[WhiteElo "2500"]
[BlackElo "2414"]

1.c4 Nf6 2.Nc3 c5 3.Nf3 e6 4.d4 cxd4 5.Nxd4 a6 6.g3 Nc6 7.Bg2 Qc7 8.Nxc6 dxc6
9.O-O e5 10.Qc2 Be6 11.b3 Be7 12.Bb2 O-O 13.Rad1 Rad8 14.Ne4 Nd7 15.f4 f6
16.f5 Bf7 17.g4 Nc5 18.Nf2 a5 19.h4 Qb6 20.g5 Bh5 21.Bc3 Na6 22.Bf3 Bxf3
23.exf3 Qe3 24.Kg2 Bb4 25.Rxd8 Rxd8 26.Rd1 Rxd1 27.Nxd1 Qf4 28.Qd3 Qxh4 29.Bxb4 Qxg5+
30.Kf1 Nxb4 31.Qd8+ Kf7 32.Qd7+ Kf8 33.Qd8+ Kf7 34.Qc7+ Kf8 35.Qc8+ Ke7 36.Qc7+ Kf8
37.Qc8+ Ke7 38.Qxb7+ Kf8 39.Qc8+ Ke7 40.Qc7+ Kf8 41.Qxa5 Qd2 42.Nf2 Qc1+
43.Kg2 Qg5+ 44.Kf1 Qc1+ 45.Kg2 Qg5+ 46.Kf1  1/2-1/2

[Event "TCh-SRB 1st League"]
[Site "Subotica SRB"]
[Date "2008.09.08"]
[Round "7"]
[White "Stojanovic,Mih"]
[Black "Perunovic,Mil"]
[Result "1/2-1/2"]
[WhiteElo "2552"]
[BlackElo "2589"]

1.c4 Nf6 2.Nc3 c5 3.Nf3 e6 4.g3 b6 5.Bg2 Bb7 6.O-O a6 7.b3 Be7 8.Bb2 d6 9.d4 cxd4
10.Nxd4 Bxg2 11.Kxg2 Qc8 12.e3 Qb7+ 13.Qf3 Qxf3+ 14.Kxf3 O-O 15.g4 Rc8 16.Rfd1  1/2-1/2

[Event "Open"]
[Site "Herzliya ISR"]
[Date "2008.09.09"]
[Round "6"]
[White "Hasidovski,A"]
[Black "Porat,Ma"]
[Result "1/2-1/2"]
[WhiteElo "2180"]
[BlackElo "2137"]

1.Nf3 Nf6 2.c4 g6 3.Nc3 c5 4.e4 d6 5.d4 cxd4 6.Nxd4 Bg7 7.Be2 Nc6 8.Be3 O-O
9.O-O Bd7 10.Qd2 Ng4 11.Bxg4 Bxg4 12.f3 Be6 13.b3 a6 14.Rfd1 Rb8 15.a4 Qa5
16.Rac1 Rfc8 17.Nxe6 fxe6 18.Ne2 Qxd2 19.Rxd2 Na5 20.Rd3 b5 21.axb5 axb5
22.c5 Bb2 23.Rb1 Ba3 24.cxd6 exd6 25.b4 Nc4 26.Bf4 Ra8 27.Bxd6 Rd8 28.e5 Nxe5
29.Rxa3 Rxa3 30.Bxe5 Re3 31.Bf6 Rf8 32.Kf2 Rxe2+ 33.Kxe2 Rxf6 34.Ke3 Rf5
35.Rc1 Re5+ 36.Kd3 Rd5+ 37.Ke3 Re5+ 38.Kd3 Rd5+ 39.Ke3  1/2-1/2

[Event "USCL 2008"]
[Site "ICC INT"]
[Date "2008.09.10"]
[Round "3"]
[White "Readey,J"]
[Black "Molner,M"]
[Result "1/2-1/2"]
[WhiteElo "2275"]
[BlackElo "2337"]

1.Nf3 Nf6 2.c4 c5 3.Nc3 e6 4.g3 Be7 5.Bg2 O-O 6.O-O Nc6 7.d4 cxd4 8.Nxd4 Qa5
9.Bf4 e5 10.Nb3 Qb4 11.Bg5 Qxc4 12.Rc1 Qg4 13.Bxf6 Bxf6 14.Nd5 Bd8 15.Nc5 Qg6
16.e3 d6 17.Ne4 f5 18.Nec3 Kh8 19.Qb3 e4 20.Nb5 Ne5 21.Rfd1 Nd3 22.Nf4 Nxf4
23.gxf4 Be6 24.Qa3 Bb6 25.Nxd6 Qh5 26.Nxb7 Rf6 27.Nc5 Bf7 28.Nd7 Rd8 29.Rd6 Rxd6
30.Qxd6 Bxa2 31.Qe7 Bg8 32.Nxb6 Rd1+ 33.Rxd1 Qxd1+ 34.Bf1 Qg4+ 35.Bg2 Qd1+
36.Bf1 Qg4+ 37.Bg2 Qd1+ 38.Bf1  1/2-1/2

[Event "TCh-SRB 1st League"]
[Site "Subotica SRB"]
[Date "2008.09.11"]
[Round "10"]
[White "Benkovic,P"]
[Black "Popov,Si1"]
[Result "1/2-1/2"]
[WhiteElo "2479"]
[BlackElo "2472"]

1.Nf3 Nf6 2.c4 c5 3.Nc3 e6 4.g3 b6 5.Bg2 Bb7 6.O-O a6 7.d4 cxd4 8.Qxd4 d6
9.Rd1 Nbd7 10.Ng5 Bxg2 11.Kxg2 Be7 12.Nge4 O-O 13.Be3 Qc7 14.Nxf6+ Nxf6 15.Rac1  1/2-1/2

[Event "IV Geller Memorial"]
[Site "Odessa UKR"]
[Date "2008.09.12"]
[Round "4"]
[White "Kurayan,R"]
[Black "Molnar,P SVK"]
[Result "1/2-1/2"]
[WhiteElo "2155"]
[BlackElo "2306"]

1.c4 e6 2.Nc3 c5 3.Nf3 Nf6 4.e3 d5 5.d4 cxd4 6.Nxd4 Nc6 7.cxd5 exd5 8.Be2 Bd6
9.Bf3 Be5 10.O-O O-O 11.Qd2 a6 12.Rd1 Bxd4 13.exd4 Bg4 14.Qf4 Bxf3 15.Qxf3 h6
16.Qg3 Kh8 17.Qh3 Qc8 18.Qh4 Qf5 19.Qf4 Qxf4 20.Bxf4 Rfe8 21.f3 Re6 22.Kf2 Rae8
23.Rd2 g5 24.Bg3 Kg7 25.Na4 Nd7  1/2-1/2

[Event "II ROMGAZ Open"]
[Site "Bucharest ROU"]
[Date "2008.09.13"]
[Round "3"]
[White "Tomoaie,M"]
[Black "Breahna,R"]
[Result "1/2-1/2"]
[WhiteElo "2080"]
[BlackElo "2307"]

1.Nf3 c5 2.c4 Nf6 3.Nc3 b6 4.g3 Bb7 5.Bg2 e6 6.O-O a6 7.a3 Qc7 8.d3 Be7 9.e4 d6
10.Re1 Nbd7 11.Bg5 h6 12.Bf4 O-O 13.Rc1 Rac8 14.Bf1 Qb8 15.Rb1 Qa8 16.Qe2 Rfe8
17.Rbd1 Bf8 18.Bg2 Ng4 19.Bc1 g6 20.Bh3 Nge5 21.Nxe5 Nxe5  1/2-1/2

[Event "DMP Ekstraliga"]
[Site "Karpacz POL"]
[Date "2008.09.13"]
[Round "8"]
[White "Kozak,Ma"]
[Black "Krupa,M"]
[Result "1-0"]
[WhiteElo "2195"]
[BlackElo "2272"]

1.Nf3 Nf6 2.c4 e6 3.Nc3 c5 4.g3 d5 5.cxd5 exd5 6.d4 Nc6 7.Bg2 Be6 8.O-O h6
9.Be3 Ng4 10.Bf4 g5 11.Bc1 Be7 12.dxc5 Bxc5 13.e3 Qd7 14.Nd4 Nge5 15.Nb3 Be7
16.Nxd5 Rd8 17.e4 f5 18.Nc5 Bxc5 19.Nf6+ Ke7 20.Nxd7 Rxd7 21.Qc2 b6 22.Be3 f4
23.Bxc5+ bxc5 24.Qxc5+ Kf6 25.Rfd1 Rhd8 26.Rxd7 Rxd7 27.gxf4 gxf4 28.Qc1 f3
29.Qf4+ Kg7 30.Bxf3 Rf7 31.Qg3+ Kh7 32.Bg2 Rg7 33.Qc3 Ng6 34.Qxc6 Bh3 35.Qf6 Nf4
36.Qxf4 Rxg2+ 37.Kh1 Rg4 38.Qf3  1-0

[Event "4th Pichay Cup"]
[Site "Manila PHI"]
[Date "2008.09.15"]
[Round "2"]
[White "Ghaem Maghami,E"]
[Black "Legaspi,R"]
[Result "1-0"]
[WhiteElo "2597"]
[BlackElo "2315"]

1.c4 Nf6 2.Nc3 c5 3.Nf3 e6 4.g3 b6 5.Bg2 Bb7 6.O-O Be7 7.d4 cxd4 8.Qxd4 d6
9.Rd1 a6 10.b3 Nbd7 11.Bb2 O-O 12.Rac1 Qc7 13.Qe3 Rfe8 14.h3 Rac8 15.g4 h6
16.Qf4 Nf8 17.h4 Ng6 18.Qg3 h5 19.g5 Ne4 20.Nxe4 Bxe4 21.Ne5 Bxg2 22.Nxg6 fxg6
23.Qxg2 Qc6 24.a4 Rf8 25.Qxc6 Rxc6 26.e3 Rfc8 27.Ba3 Kf7 28.e4 e5 29.Rd5 Ke6
30.Rc3 Rf8 31.Bc1 Rb8 32.Bd2 Rbc8 33.Kg2 Rb8 34.Rc1 Rbc8 35.Rd1 Rb8 36.Be3 Re8
37.Kf3 Rb8 38.Ke2 Rf8 39.Ra1 Bd8 40.Rad1 Be7 41.R1d2 Rf7 42.R2d3 Rf8 43.Bd2 Rf7
44.Be3 Rf8 45.Kf1 Rb8 46.Kg2 Rf8 47.Bd2 Rb8 48.Be3 Rf8 49.Kg3 Bd8 50.Bd2 Bc7
51.f4 exf4+ 52.Bxf4 Rf7 53.Rf3 Bb8 54.Be3 Bc7 55.Bd4 Re7 56.Rf8 Kd7 57.Kf3 Bd8
58.Rg8 Rf7+ 59.Ke3 Be7 60.Rxg7 Rxg7 61.Bxg7 Rc7 62.Rd1 Ke6 63.Bd4 Rb7 64.Rf1 Rb8
65.Kd3 Rb7 66.b4 Rb8 67.Rf2 Rb7 68.Bf6 Bf8 69.b5 a5 70.Re2 Rd7 71.Bd4 Rb7
72.e5 d5 73.Rc2 Bc5 74.Bxc5 bxc5 75.cxd5+ Kxd5 76.Re2 Rf7 77.e6 Re7 78.Kc3 c4
79.Re1 Kc5 80.Re4 Kd5 81.Rd4+ Ke5 82.Rd1 Kf5 83.Re1 Kg4 84.Kxc4  1-0

[Event "II ROMGAZ Open"]
[Site "Bucharest ROU"]
[Date "2008.09.18"]
[Round "8"]
[White "Irodenka,R"]
[Black "Ulibin,M"]
[Result "0-1"]
[WhiteElo "2208"]
[BlackElo "2520"]

1.c4 c5 2.Nc3 Nf6 3.Nf3 b6 4.e4 Bb7 5.d3 g6 6.Be2 Bg7 7.O-O O-O 8.Bg5 h6
9.Bf4 Nc6 10.Qd2 g5 11.Be3 Ng4 12.h4 Nxe3 13.Qxe3 gxh4 14.Nxh4 e6 15.Qh3 Nd4
16.Rab1 b5 17.cxb5 a6 18.bxa6 Bxa6 19.f4 Rb8 20.Rfd1 Rb4 21.Bf1 Qb8 22.e5 d6
23.Ne4 dxe5 24.fxe5 Qxe5 25.b3 Nc2 26.Rd2 Qd4+ 27.Kh1 Ne3 28.Nf3 Qd5 29.Be2 f5
30.Nfg5 hxg5 31.Nxg5 Rh4 32.Bf3 Rxh3+ 33.gxh3 Qd6 34.Rg1 Rf6 35.h4 Qf4 36.Rh2 Bxd3
37.h5 Ng4  0-1

[Event "Chess City 10th Ann Open"]
[Site "Elista RUS"]
[Date "2008.09.19"]
[Round "6"]
[White "Akunka,D"]
[Black "Sangadzhiev,G"]
[Result "1/2-1/2"]
[WhiteElo "1879"]
[BlackElo "2159"]

1.Nf3 Nf6 2.c4 c5 3.Nc3 e6 4.g3 b6 5.Bg2 Bb7 6.O-O Be7 7.d4 cxd4 8.Qxd4 d6
9.b3 a6 10.Bb2 Nbd7 11.Rad1 O-O 12.Ng5 Bxg2 13.Kxg2 Ne8 14.Nf3 Bf6 15.Qd2 Nc5
16.Qc2 Nc7 17.Nd4 Qc8 18.b4 Qb7+ 19.Kg1 Nd7 20.Qe4 Qxe4 21.Nxe4 d5 22.Nxf6+ Nxf6
23.cxd5 Ncxd5 24.a3 Rfc8 25.Rc1 Ne4 26.Nc6 Nec3 27.Ne7+ Nxe7 28.Bxc3 Rc4
29.Be5 Rac8 30.Rxc4 Rxc4 31.Rd1 Nd5 32.Bd4 Kf8 33.e4 Nc3 34.Bxc3 Rxc3 35.Rd6 Ke7
36.Rxb6 Rxa3 37.b5 axb5 38.Rxb5  1/2-1/2

[Event "EYb18"]
[Site "Herceg Novi MNE"]
[Date "2008.09.24"]
[Round "9"]
[White "Guilleux,F"]
[Black "Acarbay,Ay"]
[Result "0-1"]
[WhiteElo "2397"]
[BlackElo "1825"]

1.Nf3 Nf6 2.c4 c5 3.Nc3 b6 4.g3 Bb7 5.Bg2 g6 6.O-O Bg7 7.d4 cxd4 8.Qxd4 O-O
9.Qh4 d6 10.Bh6 Nbd7 11.b3 Rc8 12.Rfe1 Rc5 13.Bxg7 Kxg7 14.Qd4 Qa8 15.e4 Ne5
16.Nh4 Nc6 17.Qd2 Rh5 18.Nd5 Qb8 19.f4 Nd7 20.Nf3 e6 21.g4 Rh6 22.Nc3 Rd8
23.f5 exf5 24.exf5 gxf5 25.gxf5 Rh5 26.Qf4 Nde5 27.Ne4 Rg8 28.Ng3 Kh8 29.Nxe5 Nxe5
30.Bxb7 Qxb7 31.Rxe5 dxe5 32.Qxe5+ Rg7 33.Rd1 h6 34.Qd5 Qc7 35.Qd8+ Qxd8
36.Rxd8+ Kh7 37.f6 Rg6 38.Rd7 Ra5 39.Rxf7+ Kg8 40.Rd7 Rxa2 41.f7+ Kf8 42.b4 Rc6  0-1

[Event "USCL 2008"]
[Site "ICC INT"]
[Date "2008.09.24"]
[Round "5"]
[White "Young,A PHI"]
[Black "Kahn,A"]
[Result "1/2-1/2"]
[WhiteElo "2367"]
[BlackElo "2203"]

1.Nf3 Nf6 2.c4 c5 3.Nc3 g6 4.e4 d6 5.d4 cxd4 6.Nxd4 Nc6 7.Nc2 Bg7 8.Be2 O-O
9.O-O Be6 10.Be3 Qa5 11.Qd2 Rfc8 12.f3 Nd7 13.Rab1 Nce5 14.b4 Qc7 15.c5 dxc5
16.Nb5 Qc6 17.bxc5 Nxc5 18.Nb4 Qd7 19.Nd5 Bxd5 20.exd5 a6 21.Nc3 b5 22.Bd4 Qd6
23.Rfd1 Rab8 24.Qe3 Ned7 25.Bxg7 Kxg7 26.Bf1 b4 27.Ne2 Qe5 28.Qxe5+ Nxe5
29.Nd4 Rb6 30.f4 Ng4 31.Nc6 Ne3 32.Nxe7 Re8 33.Rdc1 Ne4 34.Rc6 Rxc6 35.Nxc6 Nxd5
36.Bxa6 Nec3 37.Ra1 Re6 38.Bb7 Nxf4 39.g3 Nd3 40.Nd4 Rb6 41.Bc8 Kf6 42.Bh3 Ke5
43.Nf3+ Ke4 44.Nd2+ Kd4 45.Bf1 Ra6 46.Nb3+ Ke3 47.Bxd3 Rxa2 48.Rxa2 Nxa2
49.Bc4 f6 50.Kg2 h6 51.Bf7 g5 52.Nc5 Nc1 53.Be6 Ne2 54.Bc4 Nd4 55.Nb3  1/2-1/2

[Event "Autumn-5"]
[Site "Alushta UKR"]
[Date "2008.09.27"]
[Round "2"]
[White "Obukhov,A"]
[Black "Kutynec,V"]
[Result "1-0"]
[WhiteElo "2438"]
[BlackElo "2281"]

1.c4 Nf6 2.Nf3 c5 3.Nc3 e6 4.g3 b6 5.Bg2 Bb7 6.O-O Be7 7.b3 O-O 8.Bb2 Ne4
9.Qc2 Nxc3 10.Bxc3 Nc6 11.Rad1 Qc7 12.Qb2 f6 13.e3 a6 14.d4 b5 15.d5 b4 16.Bd2 Nd8
17.e4 Nf7 18.Ne1 a5 19.Nd3 e5 20.a3 d6 21.Ra1 Rfb8 22.a4 g5 23.f4 Kh8 24.fxe5 Nxe5
25.Nxe5 fxe5 26.Bh3 Rf8 27.Be3 h6 28.Qe2 Rxf1+ 29.Rxf1 Rf8 30.Qh5 Rxf1+ 31.Kxf1 Kg7
32.Bf5 Bf8 33.Bxg5  1-0

[Event "Spice Cup Open Grand-Prix"]
[Site "Lubbock USA"]
[Date "2008.09.27"]
[Round "3"]
[White "Ramirez,Alej"]
[Black "Langer,M USA"]
[Result "1-0"]
[WhiteElo "2531"]
[BlackElo "2280"]

1.c4 Nf6 2.Nc3 c5 3.Nf3 d5 4.cxd5 Nxd5 5.g3 Nc6 6.Bg2 Nc7 7.O-O e5 8.b3 Be7
9.Bb2 O-O 10.Rc1 f6 11.Qc2 Nd4 12.Nxd4 cxd4 13.Na4 Na6 14.e3 dxe3 15.dxe3 Kh8
16.Rfd1 Qe8 17.Qe2 Rb8 18.Nc3 Nb4 19.Nb5 Qg6 20.Rc7 Bd8 21.Rc4 a5 22.Qd2 Bb6
23.a3 Nc6 24.Nc3 Bg4 25.Rc1 Be6 26.Rh4 Rfd8 27.Qe2 Ne7 28.Na4 Ba7 29.b4 axb4
30.Rxb4 Bd5 31.Rc7 Bxg2 32.Kxg2 Nd5 33.Rg4 Qxg4 34.Qxg4 Nxc7 35.Qb4 Nd5 36.Qa5 Ra8
37.Qb5 Bb8 38.Nc5 Ba7 39.Ne6 Rd6 40.Qxb7 Rg8 41.Qxa7 Rxe6 42.Qd7 Rb6 43.Bc1 Rb1
44.Bd2 Nb6 45.Qd3 Rd1 46.Qc2  1-0

[Event "ch-Commonwealth"]
[Site "Nagpur IND"]
[Date "2008.09.28"]
[Round "1"]
[White "Raghav,S"]
[Black "Arun,Ka"]
[Result "0-1"]
[WhiteElo "1686"]
[BlackElo "2277"]

1.Nf3 Nf6 2.c4 c5 3.Nc3 b6 4.e4 d6 5.d3 Bb7 6.Be2 e6 7.Bd2 Be7 8.O-O O-O
9.h3 a6 10.Nh2 Nc6 11.f4 d5 12.e5 Ne8 13.cxd5 exd5 14.Ng4 f5 15.Nh2 Nd4 16.Rc1 Nc7
17.Be1 Nce6 18.Bg3 b5 19.Bf3 Kh8 20.Ne2 Nxf3+ 21.Nxf3 d4 22.a3 c4 23.Kh1 Rc8
24.Neg1 c3 25.b4 a5 26.Qb3 Bd5 27.Qb1 axb4 28.axb4 Ra8 29.Rc2 Ra4 30.Ne2 Rxb4
31.Qe1 Ra4 32.Qb1 Qa5 33.Rg1 Ra8 34.Rcc1 Bc5 35.Qc2 b4 36.Qd1 b3 37.Bf2 b2
38.Rb1 Ba2 39.Qc2 Bxb1 40.Rxb1 Ra1 41.Nfxd4 Rxb1+ 42.Qxb1 Qa1 43.Nxc3 Qxb1+
44.Nxb1 Bxd4 45.Bxd4 Nxd4 46.Kh2 Ra1 47.Nc3 Rc1 48.Nb1 Rxb1 49.Kg3 Rf1 50.Kh4 b1=Q
51.Kg5 Qxd3 52.Kh5 Qg3 53.e6 g6+ 54.Kh6 Qh4+  0-1

[Event "Tatry Open"]
[Site "Tatranske Zruby SVK"]
[Date "2008.09.29"]
[Round "4"]
[White "Kulago,A"]
[Black "Beles,M"]
[Result "0-1"]
[WhiteElo "2305"]
[BlackElo "2083"]

1.Nf3 c5 2.c4 Nf6 3.Nc3 d5 4.cxd5 Nxd5 5.e4 Nxc3 6.bxc3 g6 7.d4 Bg7 8.Bb5+ Bd7
9.Bxd7+ Qxd7 10.O-O O-O 11.Be3 cxd4 12.Bxd4 Qc7 13.Bxg7 Kxg7 14.Qd4+ Kg8
15.Rfd1 Nc6 16.Qd7 Rac8 17.Qh3 Rfd8 18.Qh6 Rxd1+ 19.Rxd1 Rd8 20.Rd5 f6 21.Qd2 e6
22.Rxd8+ Qxd8 23.Qc2 Qd6 24.g3 Kf7 25.Qb3 b6 26.Qc4 g5 27.Nd4 Nxd4 28.cxd4 Ke7
29.h3 h5 30.Kg2 Kd7 31.Qa4+ Kd8 32.Qc4 Kd7 33.Qa4+ Kd8 34.Qd1 Qc6 35.Qf3 Ke7
36.d5 exd5 37.exd5 Qd6 38.Qe4+ Qe5 39.Qxe5+ fxe5 40.Kf3 Kd6 41.Ke4 b5 42.Kf5 b4
43.Kxg5 a5 44.g4 hxg4 45.h4 Kxd5 46.h5 Ke6 47.Kg6 a4 48.h6 b3 49.axb3 axb3
50.h7 b2 51.h8=Q b1=Q+ 52.Kg5 Qf5+ 53.Kh6 Qf6+ 54.Qxf6+ Kxf6 55.Kh5 Kf5 56.Kh4 Kf4
57.Kh5 g3  0-1

[Event "Autumn-5"]
[Site "Alushta UKR"]
[Date "2008.09.30"]
[Round "7"]
[White "Amanov,M"]
[Black "Kutynec,V"]
[Result "1-0"]
[WhiteElo "2385"]
[BlackElo "2281"]

1.c4 Nf6 2.Nf3 c5 3.Nc3 d5 4.cxd5 Nxd5 5.g3 Nc6 6.Bg2 Nxc3 7.bxc3 e5 8.O-O Be7
9.d3 O-O 10.Be3 f5 11.Qc1 Qc7 12.Qa3 b6 13.Nxe5 Nxe5 14.Bxa8 c4 15.Qb2 cxd3
16.Bd5+ Kh8 17.Bf4 g5 18.Bxe5+ Qxe5 19.Bc4 Bf6 20.Bxd3 Bb7 21.Rad1 f4 22.Qa3 Be7
23.Qxa7 Qd5 24.f3 fxg3 25.Kg2 g4 26.Be4 Qh5 27.hxg3 Bxe4 28.Qxe7 gxf3+ 29.Kf2 Qh2+
30.Ke3 Qxe2+ 31.Kd4 Ra8 32.Qf6+ Kg8 33.Qe6+ Kg7 34.Rfe1 Ra4+ 35.c4  1-0

[Event "ch-Commonwealth"]
[Site "Nagpur IND"]
[Date "2008.09.30"]
[Round "3"]
[White "Deshmukh,A"]
[Black "Konguvel,P"]
[Result "1-0"]
[WhiteElo "2284"]
[BlackElo "2415"]

1.Nf3 Nf6 2.c4 c5 3.Nc3 b6 4.g3 Bb7 5.Bg2 e6 6.O-O Be7 7.Re1 O-O 8.e4 d6
9.d4 cxd4 10.Nxd4 a6 11.e5 dxe5 12.Bxb7 Ra7 13.Nc6 Qxd1 14.Nxe7+ Kh8 15.Rxd1 Rxb7
16.b3 b5 17.cxb5 axb5 18.Be3 Re8 19.Nxb5 Rxb5 20.Rac1 h5 21.Nc8 Rd5 22.Nd6 Rf8
23.a4 Na6 24.Nb5 Rfd8 25.Re1 Rd3 26.Bb6 Rb8 27.Ba7 Rb7 28.Rb1 Nb4 29.Bc5 Nc6
30.b4 Nd5 31.Nd6 Rd7 32.b5 Nd4 33.Bxd4 Rxd4 34.Ne4  1-0

[Event "Tatry Open"]
[Site "Tatranske Zruby SVK"]
[Date "2008.09.30"]
[Round "5"]
[White "Rachela,M"]
[Black "Chovanec,M"]
[Result "1-0"]
[WhiteElo "2338"]
[BlackElo "2194"]

1.c4 Nf6 2.Nc3 c5 3.Nf3 d5 4.cxd5 Nxd5 5.e4 Nxc3 6.dxc3 Qxd1+ 7.Kxd1 b6 8.Kc2 g6
9.Bf4 Bg7 10.Bc4 e6 11.Rad1 Ba6 12.Nd2 O-O 13.Bxb8 Bxc4 14.Nxc4 Raxb8 15.Rd7 f5
16.exf5 Rxf5 17.f3 Rd5 18.Rd1 Rxd1 19.Kxd1 b5 20.Na5 Rb6 21.Kc2 a6 22.Nb3 Bf8
23.Nd2 c4 24.Ne4 e5 25.Rc7 h6 26.a4 Bg7 27.a5 Re6 28.Rb7 Bf8 29.Kd1 Be7 30.Kc2 Kf7
31.b3 cxb3+ 32.Kxb3 g5 33.g4 Ke8 34.c4 bxc4+ 35.Kxc4 Bd8 36.Kd5 Re7 37.Nd6+ Kf8
38.Rb8 Rd7 39.Ke6 Re7+ 40.Kf5 Rd7 41.Nb7  1-0

[Event "Tatry Open"]
[Site "Tatranske Zruby SVK"]
[Date "2008.09.30"]
[Round "5"]
[White "Pesout,J"]
[Black "Beles,M"]
[Result "1-0"]
[WhiteElo "2251"]
[BlackElo "2083"]

1.Nf3 c5 2.c4 Nf6 3.Nc3 d5 4.cxd5 Nxd5 5.e4 Nxc3 6.dxc3 Qxd1+ 7.Kxd1 a6 8.Be3 e6
9.Kc2 Nc6 10.Nd2 Be7 11.Nc4 O-O 12.Nb6 Rb8 13.Be2 Rd8 14.Rad1 Rxd1 15.Rxd1 Kf8
16.f4 Ke8 17.g4 h6 18.Bf2 f5 19.Bf3 g5 20.exf5 exf5 21.Bxc6+ bxc6 22.Nxc8 Rxc8
23.fxg5 Bxg5 24.gxf5 c4 25.Rd4 Rd8 26.Bg3 Rd5 27.Rxc4 c5 28.h4 Be7 29.Re4 Kf8
30.Be5 Bxh4 31.Rxh4 Rxe5 32.Rxh6 Rxf5 33.Kb3 Ke7 34.Rxa6 Kd7 35.Kc4 Kc7 36.b3 Rh5
37.Kb5 Kb7 38.Rb6+ Ka7 39.Rc6  1-0

[Event "Zvenigorodskaya Open A"]
[Site "Zvenigorod RUS"]
[Date "2008.09.30"]
[Round "9"]
[White "Sakaev,K"]
[Black "Nechepurenko,R"]
[Result "1-0"]
[WhiteElo "2635"]
[BlackElo "2476"]

1.Nf3 Nf6 2.c4 c5 3.Nc3 b6 4.e3 g6 5.d4 Bg7 6.d5 O-O 7.Bd3 d6 8.e4 e6 9.O-O exd5
10.exd5 a6 11.h3 Ra7 12.Be3 Re7 13.Qd2 Nbd7 14.Bf4 Qc7 15.a4 Nh5 16.Bg5 f6
17.Bh4 Ne5 18.Nxe5 dxe5 19.a5 bxa5 20.Ne4 Ref7 21.Qxa5 f5 22.Nxc5 e4 23.Bc2 Bxb2
24.Ne6 Qxc4 25.Nxf8 Bxa1 26.Ne6 Bg7 27.Bg5 f4 28.Qd8+ Bf8 29.Nxf8 Rxf8 30.Qe7 Bf5
31.Rb1 e3 32.fxe3 f3 33.Rb7 f2+ 34.Kh2 f1=N+ 35.Kg1  1-0

[Event "ch-Commonwealth"]
[Site "Nagpur IND"]
[Date "2008.10.01"]
[Round "5"]
[White "Joshi,GB"]
[Black "Konguvel,P"]
[Result "1/2-1/2"]
[WhiteElo "2303"]
[BlackElo "2415"]

1.c4 Nf6 2.Nc3 c5 3.Nf3 b6 4.g3 Bb7 5.Bg2 e6 6.O-O a6 7.b3 Be7 8.Bb2 O-O
9.e3 d5 10.cxd5 Nxd5 11.d4 Nd7 12.Qe2 cxd4 13.Nxd4 Nxc3 14.Bxc3 Bxg2 15.Kxg2  1/2-1/2

[Event "58th TCh w 1st Div"]
[Site "Borovets BUL"]
[Date "2008.10.02"]
[Round "2"]
[White "Dragomirescu,An"]
[Black "Olarasu,G"]
[Result "1/2-1/2"]
[WhiteElo "2223"]
[BlackElo "2297"]

1.Nf3 Nf6 2.c4 c5 3.Nc3 d5 4.d4 cxd4 5.Nxd5 Nxd5 6.cxd5 Qxd5 7.Qxd4 Qxd4
8.Nxd4 Bd7 9.e4 Nc6 10.Be3 e5 11.Nxc6 Bxc6 12.f3 Be7 13.Bc4 O-O 14.Rc1 h6
15.Ke2 Bg5 16.Rhd1 Bxe3 17.Kxe3 Rfd8 18.Bd5 Rac8 19.Bxc6 Rxd1 20.Rxd1 Rxc6
21.Rd8+ Kh7 22.Rd7 Rc2 23.Rxb7 Rxg2 24.Rxf7 Rxb2 25.Rxa7 Rxh2 26.a4 Kg6 27.Ra5 Kf6
28.Ra6+ Kf7 29.Ra7+ Kf6 30.Ra6+ Kf7 31.Ra7+ Kf6 32.Ra6+  1/2-1/2

[Event "YUURGU-65 GM"]
[Site "Chelyabinsk RUS"]
[Date "2008.10.02"]
[Round "1"]
[White "Dvoirys,S"]
[Black "Khusnutdinov,R"]
[Result "0-1"]
[WhiteElo "2552"]
[BlackElo "2464"]

1.c4 Nf6 2.Nf3 c5 3.Nc3 e6 4.g3 b6 5.Bg2 Bb7 6.O-O Be7 7.Re1 d6 8.e4 Nbd7
9.d4 cxd4 10.Nxd4 Qc7 11.Be3 Rc8 12.Rc1 Qb8 13.b3 O-O 14.f4 Rfe8 15.Bf2 h6
16.f5 Bd8 17.fxe6 fxe6 18.Bh3 Nf8 19.Qe2 N6d7 20.Rcd1 a6 21.a4 Bf6 22.Be3 Qc7
23.Rf1 Qd8 24.Qf2 Qe7 25.Nde2 Nc5 26.Bf4 Red8 27.b4 Nxe4 28.Nxe4 Bxe4 29.Qxb6 Rc6
30.Qa5 e5 31.Be3 Rxc4 32.Qxa6 d5 33.b5 d4 34.b6 Rc2 35.Rd2 Bb7 36.Qb5 Rc5
37.Qb4 Qd6 38.Nxd4 exd4 39.Bxh6 gxh6 40.Qb3+ Bd5 41.Qb1 Bg7  0-1

[Event "ch-Commonwealth"]
[Site "Nagpur IND"]
[Date "2008.10.03"]
[Round "7"]
[White "Rahman,Zia"]
[Black "Arun,Ka"]
[Result "1-0"]
[WhiteElo "2564"]
[BlackElo "2277"]

1.Nf3 Nf6 2.c4 c5 3.Nc3 e6 4.g3 b6 5.Bg2 Bb7 6.O-O d6 7.Re1 Be7 8.e4 Nbd7
9.d4 cxd4 10.Nxd4 Qc7 11.Ndb5 Qb8 12.Bf4 Ne5 13.b3 a6 14.Nd4 O-O 15.h3 Qc7
16.Rc1 Rfe8 17.g4 Nfd7 18.Bg3 g5 19.Qd2 Nf8 20.Nf3 Nxf3+ 21.Bxf3 Ng6 22.Bg2 Rad8
23.Ne2 Rd7 24.Kh1 Qd8 25.Nc3 Bf6 26.Rcd1 Bxc3 27.Qxc3 e5 28.f3 Re6 29.Rd2 Nf4
30.Bf1 Rh6 31.Red1 Qf6 32.Rh2 Bc6 33.Qe3 Rb7 34.Rhd2 Rd7 35.Kh2 Rb7 36.h4 Ne6
37.Rxd6 gxh4 38.Be1 Rg6 39.Rxc6 Qe7 40.Bc3 Rd7 41.Rc8+ Kg7 42.Rd5 f6 43.Bb4 Qf7
44.Bh3  1-0

[Event "ch-Commonwealth"]
[Site "Nagpur IND"]
[Date "2008.10.03"]
[Round "8"]
[White "Gajendra,S"]
[Black "West,G"]
[Result "1/2-1/2"]
[WhiteElo "2159"]
[BlackElo "2342"]

1.Nf3 c5 2.c4 Nf6 3.Nc3 e6 4.e4 Nc6 5.g3 d5 6.e5 Ng4 7.cxd5 Ncxe5 8.Nxe5 Nxe5
9.f4 Ng6 10.Bb5+ Bd7 11.Qe2 Bxb5 12.Qxb5+ Qd7 13.dxe6 fxe6 14.Qxd7+ Kxd7
15.b3 Be7 16.Bb2 Bf6 17.O-O-O Rhc8 18.d3 Ne7 19.Ne4 Bd4 20.Kb1 Nf5 21.Rhe1 h5
22.Re2 a5 23.Nc3 Rc6 24.Nb5 Ke7 25.Bxd4 cxd4 26.Re4 Rd8 27.Rde1 Rd5 28.a4 Kf7
29.Re5 Rd8 30.Rd1 g6 31.Rc1 Rxc1+ 32.Kxc1 Rc8+ 33.Kd2 Kf6 34.Re4 Rd8 35.Nc7 Ng7
36.h3 Rh8 37.Nb5 Nf5 38.Nxd4 Nxg3 39.Rxe6+ Kf7 40.Rb6 Re8 41.Rxb7+ Kf6 42.Rb6+ Kf7
43.Nf3 Nf1+ 44.Kc3 Re3 45.Ng5+ Kg7 46.Rb7+ Kg8 47.Rb6 Kg7 48.Ra6 Ng3 49.Rxa5 Re7
50.Kc4 Kf6 51.Ra6+ Kf5 52.a5 Ne2 53.Ne4 Nxf4 54.Rf6+ Ke5 55.a6 Rc7+ 56.Kb5 Nxd3
57.Rc6 Rxc6 58.Kxc6 Nb4+ 59.Kb6 Nxa6 60.Kxa6 Kxe4 61.h4 g5 62.hxg5 Kf5 63.b4 h4
64.g6 Kxg6 65.b5  1/2-1/2

[Event "TCh-FIN"]
[Site "Finland FIN"]
[Date "2008.10.04"]
[Round "3"]
[White "Norri,J"]
[Black "Martynov,Al"]
[Result "1-0"]
[WhiteElo "2353"]
[BlackElo "2326"]

1.Nf3 Nf6 2.c4 c5 3.Nc3 e6 4.g3 Be7 5.d4 cxd4 6.Nxd4 d5 7.Bg2 e5 8.Nc2 d4
9.Nd5 Nc6 10.O-O Be6 11.e4 dxe3 12.Ncxe3 O-O 13.Bd2 Bc5 14.Bc3 a5 15.Kh1 Bd4
16.f4 Bxc3 17.bxc3 exf4 18.gxf4 Re8 19.Qf3 a4 20.Rad1 Bxd5 21.cxd5 Na5 22.Rd4 Qb6
23.Nf5 g6 24.Ng3 Nd7 25.Rxa4 f5 26.Qd3 Nc5 27.Qc2 Nxa4 28.Qxa4 Qd6 29.Rb1 b6
30.Qd4 Rab8 31.Bf3 b5 32.Nxf5 Qf8 33.d6 h5 34.Ne7+ Rxe7 35.dxe7 Qxe7 36.Rg1 Kh7
37.Be4 Rg8 38.f5 Nc4 39.fxg6+ Kh6 40.Bd3 Qb7+ 41.Rg2 Qf3 42.Bxc4 bxc4 43.Qd2+  1-0

[Event "TCh-AUT 2nd Bundesliga Ost 2008-9"]
[Site "Austria AUT"]
[Date "2008.10.05"]
[Round "3"]
[White "Schroll,G"]
[Black "Papp,Ga"]
[Result "0-1"]
[WhiteElo "2430"]
[BlackElo "2509"]

1.c4 c5 2.Nc3 Nf6 3.Nf3 e6 4.g3 b6 5.Bg2 Bb7 6.O-O Be7 7.Re1 d6 8.e4 Nbd7
9.b3 a6 10.Bb2 O-O 11.d4 cxd4 12.Nxd4 Qc7 13.Rc1 Rac8 14.h3 Rfe8 15.Qd2 Qb8
16.Rcd1 Qa8 17.Re2 Bf8 18.Kh2 Red8 19.Qe1 Nc5 20.Ba1 g6 21.f3 Bg7 22.Qf2 Qb8
23.Ree1 Ba8 24.Bf1 Nh5 25.Kg1 a5 26.Ndb5 d5 27.g4 Nf4 28.exd5 exd5 29.Nxd5 Bxd5
30.Bxg7 Kxg7 31.cxd5 Nxd5 32.Qh2 Qxh2+ 33.Kxh2 Ne3 34.Rxd8 Nxf1+ 35.Rxf1 Rxd8
36.Kg3 g5 37.Na3 Rd2 38.Rf2 Rd3 39.Rc2 a4 40.Nc4 axb3 41.axb3 Nxb3 42.Nxb6 Nd2
43.Na4 Rxf3+ 44.Kg2 Rd3 45.Nc5 Rd4 46.Rc3 Nc4 47.Rd3 Rxd3 48.Nxd3 h5 49.gxh5 f5
50.h4 g4 51.Kg3 Kh6 52.Kf4 Kxh5 53.Kxf5 g3 54.Ke4 Kg4 55.Ne1 Kxh4 56.Kf3 Kh3
57.Ke2 Ne5 58.Kf1 Kh2 59.Ng2 Nf3 60.Ne3 Kh1 61.Ke2 Ne5 62.Nf5 g2 63.Ng3+ Kh2
64.Nf1+ Kh3  0-1

[Event "ch-Commonwealth"]
[Site "Nagpur IND"]
[Date "2008.10.05"]
[Round "10"]
[White "Tejas,R"]
[Black "West,G"]
[Result "1/2-1/2"]
[WhiteElo "2124"]
[BlackElo "2342"]

1.Nf3 Nf6 2.c4 c5 3.Nc3 e6 4.d4 cxd4 5.Nxd4 Bb4 6.Nb5 d5 7.cxd5 exd5 8.Bg5 O-O
9.Rc1 Nc6 10.e3 Be6 11.Be2 h6 12.Bh4 d4 13.Nxd4 Nxd4 14.exd4 Bxa2 15.O-O Be6
16.Bf3 g5 17.Bg3 Nd5 18.Be4 Re8 19.Qf3 Bxc3 20.bxc3 b5 21.Be5 g4 22.Qg3 Qg5
23.f4 gxf3 24.Qxf3 Rad8 25.Qd3 f6 26.Bg3 a5 27.Ra1 a4 28.Be1  1/2-1/2

[Event "Chigorin Memorial"]
[Site "St Petersburg RUS"]
[Date "2008.10.06"]
[Round "4"]
[White "Eidelson,R"]
[Black "Serov,M"]
[Result "1/2-1/2"]
[WhiteElo "2220"]
[BlackElo "2378"]

1.Nf3 c5 2.c4 Nf6 3.Nc3 b6 4.g3 Bb7 5.Bg2 e6 6.O-O Be7 7.d4 cxd4 8.Nxd4 Bxg2
9.Kxg2 O-O 10.e4 Qc7 11.Qe2 Rc8 12.b3 Nc6 13.Nxc6 dxc6 14.e5 Nd7 15.f4 Rd8  1/2-1/2